000 00873nas a2200277 4500
001 BR9902299
003 BR-BrBNA
005 20231205101404.0
007 ta
008 230509b bl.|||p| |||| 00| 00por d
040 _aBR-BrBNA
_bpor
_cBiblioteca Nacional de Agricultura
041 _a(Pt)
072 _aF04
100 1 _aVieira, M.C.
100 1 _aHeredia, Z.
100 1 _aNestor, A.
100 1 _aRamos, M.B.M.
245 1 _aCrescimento e producao de capitulos de (Calendula officinalis L.), em funcao de cama-de-aviario semi-decomposta e de fosforo
650 _aPlanta Medicinal
650 _aFosforo
650 _aResiduo Organico
650 _aCrescimento
773 0 _tRevista Brasileira de Plantas Medicinais (Brazil)
_xISSN 1516-0572
_g(Apr 1999), v. 1(2) p. 45-52
_wBR9902299
909 _a202311
_bLúcia
_c55
_dLúcia Elande
942 _2AGRIS
_n0
_cANA
999 _c161535
_d161535